Statystyki dla Drewniane w kuchni

Kliknij tutaj aby rozwiązać quiz!

Ogólne statystyki

  • Ten quiz został rozwiązany 8 razy
  • Średni wynik to 1 z 5

Statystyki odpowiedzi

Odpowiedź% Poprawnych
Łopatka
57%
Chochla
29%
Stolnica
14%
Tłuczek
0%
Wałek
0%

Rozkład punktacji

Percentyl według liczby udzielonych odpowiedzi

Procent ludzi z każdym wynikiem

Twoja historia wyników

Nie rozwiązałeś tego quizu